[Event "NOR-ch Class4"]
[Site "Lillehammer"]
[Date "2013.06.29"]
[Round "6"]
[White "Nyland, Ingeborg Marie"]
[Black "Wilhelmsen, Morten"]
[Result "1-0"]
[WhiteElo "1012"]
[BlackElo "1097"]
[PlyCount "123"]
[EventDate "2013.06.29"]
[EventType "swiss"]
[EventRounds "9"]
[EventCountry "NOR"]
[SourceTitle "EXT 2017"]
[Source "ChessBase"]
[SourceDate "2016.10.25"]
[SourceVersion "1"]
[SourceVersionDate "2016.10.25"]
[SourceQuality "1"]

1. e4 c5 2. Nf3 d6 3. Bb5+ Bd7 4. Bxd7+ Qxd7 5. Nc3 Nc6 6. a3 e6 7. d3 Nf6 8. Bg5 Be7 9. Qe2 h6 10. Bd2 Ng4 11. h3 Nge5 12. g4 g5 13. Nxe5 Nxe5 14. 0-0-0 Ng6 15. Rdf1 0-0-0 16. f4 Rdf8 17. f5 Ne5 18. Be3 Kb8 19. d4 cxd4 20. Bxd4 Rhg8 21. Rd1 Nc6 22. Qb5 a6 23. Qa4 e5 24. Bb6 f6 25. Nd5 Bd8 26. h4 Rg7 27. h5 Bxb6 28. Nxb6 Qc7 29. Nd5 Qd8 30. Rh3 Rd7 31. Kb1 Rff7 32. Rdd3 Ne7 33. Rb3 Nxd5 34. exd5 Ka7 35. Rb5 Rc7 36. Qa5 Qa8 37. Qb6+ Kb8 38. Ra5 Rfd7 39. Rb3 Kc8 40. Rb4 Rd8 41. c4 Rf7 42. c5 Rdd7 43. cxd6 Kb8 44. Rc4 Qa7 45. Qc5 Qxc5 46. Raxc5 Rxd6 47. Rc8+ Ka7 48. R4c5 Rfd7 49. Rh8 b6 50. Rcc8 Rxd5 51. Rxh6 Rd1+ 52. Ka2 Rg1 53. Rxf6 Rxg4 54. Rg8 e4 55. Re6 Rf7 56. h6 Kb7 57. Rg7 Rc7 58. f6 Rh4 59. f7 Rf4 60. h7 Rfxf7 61. Rxf7 Rxf7 62. h8Q 1-0